[Event "Guernsey Open"]
[Site "Guernsey GCI"]
[Date "2007.10.21"]
[Round "1"]
[White "Williams, Peter A"]
[Black "Rowe, Peter"]
[Result "0-1"]
[WhiteElo "1816"]
[BlackElo "2046"]
[PlyCount "64"]
[EventDate "2006.10.15"]
[SourceDate "2006.10.28"]

1. d4 Nf6 2. c4 c5 3. d5 b5 4. Nf3 d6 5. e3 bxc4 6. Bxc4 g6 7. O-O Bg7 8. Nc3
O-O 9. e4 Bg4 10. h3 Bxf3 11. Qxf3 Nbd7 12. Qe2 Ne5 13. f4 Nxc4 14. Qxc4 Nd7
15. Bd2 Rb8 16. Rab1 Rb4 17. Qe2 Qb6 18. Kh1 Rb8 19. b3 Qc7 20. Rfc1 Nf6 21.
Qf3 Rd4 22. Qe3 a5 23. g4 Qb7 24. Kh2 Qa6 25. Rd1 Rd3 26. Qf2 Rb4 27. Qg2 Nxg4+
28. hxg4 Bxc3 29. Bxc3 Rxc3 30. Qd2 Rxe4 31. Qxc3 Qe2+ 32. Kh1 Re3 0-1

[Event "Guernsey Open"]
[Site "Guernsey GCI"]
[Date "2007.10.21"]
[Round "1"]
[White "Adair, James"]
[Black "Brookfield, Toby"]
[Result "1-0"]
[WhiteElo "2044"]
[BlackElo "1709"]
[PlyCount "107"]
[EventDate "2006.10.15"]
[SourceDate "2006.10.28"]

1. e4 c5 2. Nc3 d6 3. g3 Nc6 4. Bg2 g6 5. d3 Bg7 6. Be3 e6 7. Qd2 Nge7 8. Bh6
O-O 9. h4 Bxh6 10. Qxh6 f5 11. h5 Qe8 12. Nb5 fxe4 13. Nxd6 Nf5 14. Nxe8 Nxh6
15. Nc7 Nd4 16. Rc1 Rb8 17. c3 Nf3+ 18. Bxf3 exf3 19. hxg6 Kg7 20. Nb5 hxg6 21.
d4 Bd7 22. Nd6 b6 23. Nc4 Ng4 24. Rh4 e5 25. Nxe5 Rbe8 26. Kd2 Nxe5 27. dxe5
Rxe5 28. Re1 Rxe1 29. Kxe1 g5 30. Re4 Re8 31. Rxe8 Bxe8 32. Nxf3 Kf6 33. Ke2
Kf5 34. Ke3 Bc6 35. Nd2 Bd5 36. a3 g4 37. Kd3 Ke5 38. Nf1 b5 39. Nh2 Bc4+ 40.
Ke3 Kf5 41. b4 cxb4 42. cxb4 a6 43. Kd4 Be2 44. Kc5 Ke5 45. Kb6 Kd4 46. Kxa6
Kc3 47. Nxg4 Kb3 48. Ne5 Kxa3 49. Nc6 Ka4 50. f4 Bg4 51. Kb6 Bc8 52. Kc5 Bd7
53. Ne5 Be8 54. f5 1-0

[Event "Guernsey Open"]
[Site "Guernsey GCI"]
[Date "2007.10.22"]
[Round "2"]
[White "Ravikumar, Vaidyanathan"]
[Black "Salimbeni, George"]
[Result "1-0"]
[WhiteElo "2350"]
[BlackElo "2060"]
[PlyCount "105"]
[EventDate "2006.10.15"]
[SourceDate "2006.10.28"]

1. b3 e5 2. Bb2 Nc6 3. e3 Nf6 4. c4 d5 5. cxd5 Nxd5 6. a3 Be6 7. Qc2 a6 8. Nf3
f6 9. d3 Be7 10. Be2 O-O 11. O-O Nb6 12. Nbd2 Nd7 13. Rfd1 Bf7 14. Rac1 Rc8 15.
b4 Na7 16. d4 exd4 17. exd4 Nb6 18. Bd3 g6 19. Ne4 c6 20. Re1 Rb8 21. Nc5 Re8
22. Rcd1 Nd5 23. g3 Nb5 24. Bf1 Nbc7 25. Bh3 Bd6 26. Nd2 Nb6 27. Rxe8+ Bxe8 28.
Ndb3 Ncd5 29. Na5 Qc7 30. Re1 Bf7 31. Re2 f5 32. Bc1 Nd7 33. Nc4 Be7 34. Bg2
N7f6 35. Ne5 Be8 36. Qb3 Kh8 37. Rc2 Qd8 38. Qc4 Qd6 39. Qe2 Qc7 40. Bf3 Qc8
41. Qe1 Qc7 42. Re2 Bd6 43. Bg5 Kg8 44. Nc4 Bxc5 45. dxc5 Bf7 46. Nd6 Rd8 47.
Bxd5 Nxd5 48. Bxd8 Qxd8 49. Nxb7 Qf6 50. Nd6 Qd4 51. Nxf7 Kxf7 52. Re8 Qf6 53.
Ra8 1-0

[Event "Guernsey Open"]
[Site "Guernsey GCI"]
[Date "2007.10.22"]
[Round "2"]
[White "Robinson, Tom"]
[Black "Epishin, Vladimir"]
[Result "0-1"]
[WhiteElo "2090"]
[BlackElo "2578"]
[PlyCount "106"]
[EventDate "2006.10.15"]
[SourceDate "2006.10.28"]

1. e4 d5 2. d3 g6 3. Nc3 Nf6 4. h3 Nc6 5. f4 dxe4 6. dxe4 Qxd1+ 7. Kxd1 Bd7 8.
Nf3 O-O-O 9. Bd3 Nb4 10. Ke2 Nh5 11. Kf2 Bh6 12. g3 f5 13. e5 Ng7 14. Be3 Ne6
15. h4 Nxd3+ 16. cxd3 Bc6 17. Rhd1 Rd7 18. Ne1 Rhd8 19. Ke2 Nd4+ 20. Bxd4 Rxd4
21. Ke3 e6 22. Nc2 R4d7 23. d4 Bf8 24. b4 b6 25. a3 Bb7 26. Rac1 h6 27. Ne2 g5
28. Rg1 Rh7 29. Ne1 g4 30. Rc3 Be4 31. Nd3 Kb7 32. Rgc1 Rhd7 33. Nf2 Bf3 34.
Ng1 Bg2 35. Ne2 Ra8 36. Rb1 a5 37. b5 a4 38. Rb2 Ra5 39. Nd3 Be4 40. Nf2 Bf3
41. Nc1 Be7 42. Ncd3 Kc8 43. Ne1 Bd5 44. Nfd3 Bb3 45. Nc2 Rxb5 46. Ndb4 Bxc2
47. Rcxc2 Kb7 48. Kd3 c5 49. Kc4 Ra5 50. Nd3 cxd4 51. Nb4 d3 52. Nxd3 Bxa3 53.
Ra2 Rad5 0-1

[Event "Guernsey Open"]
[Site "Guernsey GCI"]
[Date "2007.10.22"]
[Round "2"]
[White "Hillarp Persson, Tiger"]
[Black "Tunstall, George"]
[Result "1-0"]
[WhiteElo "2567"]
[BlackElo "1895"]
[PlyCount "43"]
[EventDate "2006.10.15"]
[SourceDate "2006.10.28"]

1. e4 c5 2. Nf3 Nc6 3. Bb5 e6 4. Bxc6 bxc6 5. Qe2 d5 6. d3 Qc7 7. c4 d4 8. e5
Ne7 9. h4 h5 10. Bg5 Ng6 11. Nbd2 Rb8 12. Nb3 a5 13. O-O a4 14. Nc1 Be7 15.
Bxe7 Qxe7 16. g3 Qc7 17. b3 a3 18. Re1 Bd7 19. Qe4 O-O 20. Ng5 Rfd8 21. Qf3 Be8
22. Qxh5 1-0

[Event "Guernsey Open"]
[Site "Guernsey GCI"]
[Date "2007.10.22"]
[Round "2"]
[White "Rowe, Peter"]
[Black "Reijneveld, Ad"]
[Result "1/2-1/2"]
[WhiteElo "2046"]
[BlackElo "2175"]
[PlyCount "60"]
[EventDate "2006.10.15"]
[SourceDate "2006.10.28"]

1. d4 Nf6 2. Nf3 d6 3. Bf4 g6 4. e3 Bg7 5. h3 O-O 6. Bd3 c5 7. c3 b6 8. O-O Bb7
9. Nbd2 Nc6 10. Qe2 Qd7 11. Rfd1 cxd4 12. cxd4 Nd5 13. Bg3 Kh8 14. Bc4 Nc7 15.
Rac1 Rac8 16. a3 d5 17. Bd3 f5 18. b4 a6 19. Bxc7 Rxc7 20. Bxa6 Ra8 21. Bxb7
Rxb7 22. Qb5 Ne5 23. Qxd7 Nxd7 24. Nb1 Bf6 25. Rd3 Kg7 26. Kf1 Kf7 27. Rdc3
Raa7 28. Ke2 e6 29. Kd3 b5 30. Nbd2 Nb6 1/2-1/2

[Event "Guernsey Open"]
[Site "Guernsey GCI"]
[Date "2007.10.22"]
[Round "2"]
[White "Taylor, Mark V"]
[Black "Adair, James"]
[Result "0-1"]
[WhiteElo "2150"]
[BlackElo "2044"]
[PlyCount "96"]
[EventDate "2006.10.15"]
[SourceDate "2006.10.28"]

1. d4 Nf6 2. Nc3 d5 3. Bg5 Nbd7 4. e3 g6 5. Be2 Bg7 6. Nf3 c5 7. O-O O-O 8. h3
h6 9. Bh4 e6 10. Re1 b6 11. Ne5 Bb7 12. Bf3 Qc7 13. Nb5 Qd8 14. Nd6 cxd4 15.
exd4 Qc7 16. Nb5 Qd8 17. c4 a6 18. Nd6 Qc7 19. Nxd7 Qxd7 20. Nxb7 Qxb7 21. Qb3
Ne4 22. Bxe4 dxe4 23. d5 exd5 24. cxd5 f5 25. d6+ Qf7 26. Be7 Qxb3 27. axb3 Rf7
28. Rac1 Bf6 29. Bxf6 Rxf6 30. d7 Rd8 31. Rc8 Rff8 32. Rc7 Kf7 33. Rec1 Ke7 34.
R1c6 Rf6 35. Kf1 Rd6 36. Rxd6 Kxd6 37. Rc4 Rxd7 38. Ke2 Rc7 39. Ra4 Rc2+ 40.
Ke3 Ke5 41. f4+ exf3 42. Kxf3 Rxb2 43. Rb4 b5 44. g4 g5 45. gxf5 Kxf5 46. Kg3
h5 47. Kf3 h4 48. Rf4+ gxf4 0-1

[Event "Guernsey Open"]
[Site "Guernsey GCI"]
[Date "2007.10.22"]
[Round "2"]
[White "Minnican, Alan William"]
[Black "Ippel, Cornelius J"]
[Result "1/2-1/2"]
[WhiteElo "2110"]
[BlackElo "2042"]
[PlyCount "102"]
[EventDate "2006.10.15"]
[SourceDate "2006.10.28"]

1. e4 e6 2. d4 d5 3. Nc3 Bb4 4. e5 c5 5. Bd2 a6 6. Nce2 Nc6 7. c3 Ba5 8. f4 Bb6
9. Be3 cxd4 10. Nxd4 Nge7 11. Ngf3 Bxd4 12. Bxd4 Nxd4 13. Nxd4 Qb6 14. Qb3 Qc7
15. Be2 Nc6 16. Rd1 Bd7 17. O-O O-O 18. Kh1 f6 19. f5 Nxd4 20. cxd4 b5 21. Bf3
Rad8 22. Rfe1 Kh8 23. Bxd5 fxe5 24. fxe6 Bc8 25. Bc6 Qe7 26. d5 Rf5 27. Qd3
Bxe6 28. d6 Qf6 29. Be4 Bc4 30. Qe3 Rf2 31. b3 Be6 32. Bf3 Rxa2 33. Qxe5 Qxe5
34. Rxe5 Bd7 35. Kg1 Rc2 36. h3 g6 37. Re7 Rc3 38. Bg4 Bc6 39. Rc7 b4 40. d7
Bxd7 41. Rcxd7 Rxd7 42. Rxd7 Rxb3 43. Ra7 Ra3 44. Be6 a5 45. Rb7 Re3 46. Bd5
Rd3 47. Bc4 Rd4 48. Bb3 Rd3 49. Bc4 Rc3 50. Be6 Re3 51. Bd5 Rd3 1/2-1/2

[Event "Guernsey Open"]
[Site "Guernsey GCI"]
[Date "2007.10.22"]
[Round "2"]
[White "Hickman, John"]
[Black "Lewyk, Ivor"]
[Result "0-1"]
[WhiteElo "2002"]
[BlackElo "2105"]
[PlyCount "112"]
[EventDate "2006.10.15"]
[SourceDate "2006.10.28"]

1. Nf3 Nf6 2. g3 b6 3. Bg2 Bb7 4. O-O e6 5. d3 Be7 6. Nbd2 O-O 7. e4 d6 8. b3
Nbd7 9. Bb2 a5 10. a4 Rb8 11. Qe2 e5 12. Nc4 Ba6 13. Nfd2 Bb7 14. Ne3 Ne8 15.
Ndc4 g6 16. f4 exf4 17. gxf4 Bf6 18. d4 Ng7 19. Ng4 h5 20. Nxf6+ Nxf6 21. d5
Re8 22. Qd3 Nd7 23. Qd4 f6 24. Rae1 Ba6 25. Kh1 Bxc4 26. Qxc4 Nc5 27. e5 f5 28.
Qd4 Re7 29. Re3 Qf8 30. Rg3 Kh7 31. Rg1 dxe5 32. fxe5 f4 33. Rf3 g5 34. Bf1 Nf5
35. Bd3 Nxd3 36. Qxd3 Kh6 37. h4 Nxh4 38. Rh3 Qf5 39. Qxf5 Nxf5 40. c4 Ng3+ 41.
Kg2 g4 42. Rh2 Kg5 43. Re1 h4 44. e6 f3+ 45. Kf2 Ne2 46. Rxe2 fxe2 47. Kxe2 g3
48. Rxh4 Rxe6+ 49. dxe6 Kxh4 50. e7 Kg4 51. Kf1 Kf3 52. Bg7 Re8 53. Bf8 Ke3 54.
Kg2 Kf4 55. Kf1 Kf3 56. Kg1 g2 0-1

[Event "Guernsey Open"]
[Site "Guernsey GCI"]
[Date "2007.10.22"]
[Round "2"]
[White "Bolt, Graham"]
[Black "Galliano, Alex"]
[Result "1-0"]
[WhiteElo "2097"]
[BlackElo "2012"]
[PlyCount "59"]
[EventDate "2006.10.15"]
[SourceDate "2006.10.28"]

1. e4 e5 2. Nf3 Nc6 3. d4 exd4 4. Nxd4 Bc5 5. Be3 Qf6 6. c3 Nge7 7. g3 d5 8.
Bg2 dxe4 9. Nb5 Bd6 10. Nd2 Bf5 11. Nxd6+ Qxd6 12. Nxe4 Qg6 13. f3 O-O 14. O-O
Rad8 15. Qb3 b6 16. Rad1 Na5 17. Qc2 Nd5 18. Bc1 Nc4 19. Rfe1 b5 20. b3 Qb6+
21. Qf2 Ne5 22. Qxb6 axb6 23. Bb2 Rfe8 24. c4 bxc4 25. Bxe5 Rxe5 26. bxc4 c6
27. cxd5 Rdxd5 28. Rxd5 cxd5 29. Rd1 Kf8 30. Nc3 1-0

[Event "Guernsey Open"]
[Site "Guernsey GCI"]
[Date "2007.10.22"]
[Round "2"]
[White "Twitchell, David"]
[Black "Prins, Jan"]
[Result "1-0"]
[WhiteElo "1982"]
[BlackElo "2090"]
[PlyCount "101"]
[EventDate "2006.10.15"]
[SourceDate "2006.10.28"]

1. e4 c6 2. c4 g6 3. d4 Bg7 4. Nc3 d6 5. Be3 Nd7 6. Qd2 a6 7. f4 b5 8. Nf3 Nb6
9. b3 Nf6 10. Bd3 Ng4 11. Bg1 b4 12. Ne2 a5 13. h3 Nh6 14. Be3 f5 15. e5 O-O
16. O-O Qc7 17. Rad1 Kh8 18. Bc2 Rb8 19. Qe1 d5 20. c5 Na8 21. Qh4 e6 22. g4
Ba6 23. Bd3 Bxd3 24. Rxd3 Rb7 25. Qg3 Qd7 26. Rf2 {(=)} Nc7 27. g5 Ng8 28. h4
Ra8 29. h5 Ne7 30. Rh2 Nb5 31. Qh3 Bf8 32. Nh4 Qe8 33. hxg6 Nxg6 34. Ng3 Qf7
35. Nxg6+ Qxg6 36. Bd2 Nxd4 37. Rxd4 Bxc5 38. Be3 Bxd4 39. Bxd4 a4 40. Rc2 axb3
41. axb3 Rc8 42. Qf1 Qe8 43. Qe2 Rb5 44. Nxf5 Qg6 45. Ne7 Qf7 46. Nxc8 Qxf4 47.
Qe3 Qg4+ 48. Rg2 Qd1+ 49. Kh2 Ra5 50. Qf4 Qh5+ 51. Kg3 1-0

[Event "Guernsey Open"]
[Site "Guernsey GCI"]
[Date "2007.10.22"]
[Round "2"]
[White "Gravett, Alan D"]
[Black "Tan, HB."]
[Result "0-1"]
[WhiteElo "1961"]
[BlackElo "2086"]
[PlyCount "44"]
[EventDate "2006.10.15"]
[SourceDate "2006.10.28"]

1. g3 e5 2. Bg2 Nc6 3. d3 f5 4. Nc3 Nf6 5. Bg5 Bb4 6. e4 fxe4 7. dxe4 h6 8.
Bxf6 Bxc3+ 9. bxc3 Qxf6 10. Ne2 O-O 11. O-O b6 12. f4 Ba6 13. fxe5 Qg5 14.
Rxf8+ Rxf8 15. Qd5+ Kh7 16. Nf4 Nxe5 17. Bf1 c6 18. Qd6 Rxf4 19. Bxa6 Rf6 20.
Qd1 Qe3+ 21. Kh1 Qxe4+ 22. Kg1 Nf3+ 0-1

[Event "Guernsey Open"]
[Site "Guernsey GCI"]
[Date "2007.10.22"]
[Round "2"]
[White "Fassaert, DJM."]
[Black "Broek, Thomas"]
[Result "0-1"]
[WhiteElo "2009"]
[BlackElo "2202"]
[PlyCount "62"]
[EventDate "2006.10.15"]
[SourceDate "2006.10.28"]

1. Nf3 Nf6 2. c4 c5 3. g3 Nc6 4. Bg2 g6 5. b3 Bg7 6. Bb2 O-O 7. O-O d5 8. cxd5
Nxd5 9. Bxg7 Kxg7 10. Nc3 Nc7 11. Qc2 Bg4 12. Qb2 f6 13. h3 Bxf3 14. Bxf3 Qd7
15. Kh2 Ne6 16. Rac1 Rad8 17. Rfd1 h5 18. h4 Ne5 19. Bg2 b6 20. f4 Ng4+ 21. Kg1
Nd4 22. e3 Nf5 23. Ne4 Nfxe3 24. dxe3 Qxd1+ 25. Rxd1 Rxd1+ 26. Bf1 Nxe3 27. Nd2
Rd8 28. Qc3 Re1 29. b4 Rxd2 30. Qxd2 Rxf1+ 31. Kh2 Rf2+ 0-1

[Event "Guernsey Open"]
[Site "Guernsey GCI"]
[Date "2007.10.22"]
[Round "2"]
[White "Jamieson, Ian"]
[Black "Heppell, Ian N"]
[Result "1/2-1/2"]
[WhiteElo "2014"]
[BlackElo "2150"]
[PlyCount "44"]
[EventDate "2006.10.15"]
[SourceDate "2006.10.28"]

1. b3 e5 2. Bb2 Nc6 3. e3 Nf6 4. Bb5 Bd6 5. Be2 O-O 6. c4 Re8 7. d3 a5 8. a3
Bf8 9. Nf3 d5 10. cxd5 Nxd5 11. O-O g6 12. Nc3 Nxc3 13. Bxc3 Bf5 14. Qd2 Qd6
15. Rfd1 Bg7 16. Qb2 b5 17. e4 Bg4 18. b4 axb4 19. axb4 Rxa1 20. Rxa1 Bxf3 21.
Bxf3 Nd4 22. Bxd4 exd4 1/2-1/2

[Event "Guernsey Open"]
[Site "Guernsey GCI"]
[Date "2007.10.22"]
[Round "2"]
[White "Thurlow, Kevin J"]
[Black "Bucher, Grant"]
[Result "0-1"]
[WhiteElo "2091"]
[BlackElo "1904"]
[PlyCount "54"]
[EventDate "2006.10.15"]
[SourceDate "2006.10.28"]

1. c4 Nf6 2. Nc3 d5 3. cxd5 Nxd5 4. Nf3 g6 5. g3 Bg7 6. Bg2 O-O 7. O-O c6 8. d4
Nxc3 9. bxc3 Nd7 10. e4 Nb6 11. Bf4 Be6 12. Qc1 Re8 13. Rd1 Bg4 14. h3 Bxf3 15.
Bxf3 e5 16. Be3 Qc7 17. dxe5 Bxe5 18. Bf4 Rad8 19. Rxd8 Rxd8 20. Rb1 Rd3 21.
Kg2 Bxf4 22. gxf4 Qd6 23. Rb3 Rd2 24. e5 Qd3 25. a4 Qe3 26. Qf1 Qxf4 27. a5 Nc4
0-1

[Event "Guernsey Open"]
[Site "Guernsey GCI"]
[Date "2007.10.22"]
[Round "2"]
[White "Dijksterhuis, Rolf"]
[Black "Nicholson, J."]
[Result "1-0"]
[WhiteElo "2076"]
[BlackElo "1910"]
[PlyCount "33"]
[EventDate "2006.10.15"]
[SourceDate "2006.10.28"]

1. e4 e6 2. d4 d5 3. Nc3 Bb4 4. Nge2 Nf6 5. exd5 exd5 6. a3 Be7 7. Ng3 O-O 8.
Be2 Be6 9. O-O c5 10. Bf4 Nc6 11. dxc5 Bxc5 12. Bd3 Qd7 13. Qd2 Nd4 14. Be5 Ng4
15. Bxd4 Bxd4 16. Bxh7+ Kxh7 17. Qxd4 1-0

[Event "Guernsey Open"]
[Site "Guernsey GCI"]
[Date "2007.10.22"]
[Round "2"]
[White "Van Onzen, Jeroen"]
[Black "Pickersgill, Adrian"]
[Result "1-0"]
[WhiteElo "1988"]
[BlackElo "2088"]
[PlyCount "97"]
[EventDate "2006.10.15"]
[SourceDate "2006.10.28"]

1. e4 d5 2. exd5 Qxd5 3. Nc3 Qa5 4. b4 Qxb4 5. a4 Nf6 6. Ba3 Qa5 7. Nf3 c6 8.
Bc4 Bg4 9. Rb1 Qc7 10. h3 Bh5 11. Qe2 Nbd7 12. g4 Bg6 13. O-O e6 14. Bxe6 Bxa3
15. Bxf7+ Kf8 16. Ba2 Re8 17. Qc4 Nb6 18. Nb5 Qe7 19. Qb3 cxb5 20. Rbe1 bxa4
21. Qb5 Qc5 22. Rxe8+ Bxe8 23. Qd3 Qd6 24. Qe2 h6 25. Re1 g5 26. c3 Rh7 27. Ne5
Re7 28. d4 Nbd5 29. Qd2 Nf4 30. Re3 Nxh3+ 31. Rxh3 Rxe5 32. Rxh6 Kg7 33. Rh3
Re4 34. Qxg5+ Kf8 35. f3 Rxd4 36. Rh8+ Ke7 37. Qg7+ Kd8 38. cxd4 Qxd4+ 39. Kg2
Qd2+ 40. Kh3 Qf4 41. Qxb7 Bd6 42. Qa8+ Bb8 43. Kh4 Qh2+ 44. Kg5 Qxh8 45. Qxb8+
Ke7 46. Qe5+ Kf8 47. Qd6+ Kg7 48. Qxf6+ Kh7 49. Qh6# 1-0

[Event "Guernsey Open"]
[Site "Guernsey GCI"]
[Date "2007.10.22"]
[Round "2"]
[White "Dines, Sheila"]
[Black "Kamps, JW."]
[Result "0-1"]
[WhiteElo "1901"]
[BlackElo "2077"]
[PlyCount "66"]
[EventDate "2006.10.15"]
[SourceDate "2006.10.28"]

1. e4 e5 2. Nf3 d6 3. d4 exd4 4. Nxd4 Nf6 5. Nc3 Be7 6. f3 O-O 7. Bc4 Re8 8.
Be3 c6 9. Qd2 b5 10. Bd3 b4 11. Nce2 c5 12. Nb3 Nc6 13. Bb5 Bd7 14. Bxc6 Bxc6
15. O-O Qc7 16. c3 a5 17. a3 a4 18. Nbc1 bxa3 19. Rxa3 d5 20. Bf4 Qb6 21. exd5
Nxd5 22. Kh1 Rad8 23. Qc2 c4 24. Ra1 Nxf4 25. Nxf4 Qe3 26. Nce2 Rd2 27. Qf5 g6
28. Qg4 Bd7 29. Qg3 Rxe2 30. Nxe2 Qxe2 31. Rf2 Qe3 32. Rd1 Bd6 33. Qh4 Qe1+ 0-1

[Event "Guernsey Open"]
[Site "Guernsey GCI"]
[Date "2007.10.22"]
[Round "2"]
[White "Taylor, Geoffrey P"]
[Black "Lazarus, Sam"]
[Result "1-0"]
[WhiteElo "2063"]
[BlackElo "1855"]
[PlyCount "83"]
[EventDate "2006.10.15"]
[SourceDate "2006.10.28"]

1. e4 c5 2. Nf3 d6 3. d4 cxd4 4. Nxd4 Nf6 5. Nc3 a6 6. Bg5 e6 7. f4 Be7 8. Qf3
Qc7 9. O-O-O Nbd7 10. Bd3 b5 11. Rhe1 Bb7 12. Qg3 b4 13. Na4 Nc5 14. Nxc5 dxc5
15. e5 Nd5 16. Bxe7 Qxe7 17. Nb3 g6 18. Na5 Bc8 19. Nc4 Nc7 20. Be4 Rb8 21.
Bc6+ Kf8 22. Rd3 Nb5 23. c3 bxc3 24. bxc3 Bb7 25. Rd7 Bxc6 26. Rxe7 Kxe7 27.
Qg5+ Kd7 28. Qf6 Rhf8 29. Rd1+ Bd5 30. Ne3 Nxc3 31. Rxd5+ Nxd5 32. Nxd5 Kc6 33.
Nc3 c4 34. Qe7 Rbd8 35. Qb4 Rc8 36. Qd6+ Kb7 37. Na4 h5 38. Qb6+ Ka8 39. Qxa6+
Kb8 40. Qb6+ Ka8 41. Nc5 Rxc5 42. Qxc5 1-0

[Event "Guernsey Open"]
[Site "Guernsey GCI"]
[Date "2007.10.22"]
[Round "2"]
[White "Goris, AA."]
[Black "Downey, Keith A"]
[Result "1-0"]
[WhiteElo "2056"]
[BlackElo "1879"]
[PlyCount "43"]
[EventDate "2006.10.15"]
[SourceDate "2006.10.28"]

1. e4 c5 2. Nf3 a6 3. c3 d5 4. e5 d4 5. Bd3 Nc6 6. h3 g6 7. O-O Bg7 8. Re1 Nh6
9. Qe2 O-O 10. Na3 Qc7 11. cxd4 cxd4 12. b3 Bf5 13. Bxf5 Nxf5 14. Bb2 Rad8 15.
d3 Qb8 16. Rac1 Rd5 17. g4 Nh6 18. Qd2 Kh8 19. Nc4 b5 20. Na5 Nxe5 21. Rxe5
Rxe5 22. Nc6 1-0

[Event "Guernsey Open"]
[Site "Guernsey GCI"]
[Date "2007.10.22"]
[Round "2"]
[White "Burton, Ron"]
[Black "Forbes, Garry"]
[Result "1/2-1/2"]
[WhiteElo "2052"]
[BlackElo "1634"]
[PlyCount "28"]
[EventDate "2006.10.15"]
[SourceDate "2006.10.28"]

1. e4 g6 2. d4 Bg7 3. Nf3 d6 4. Be2 Nf6 5. Nc3 a6 6. h3 b5 7. a3 Bb7 8. d5 O-O
9. O-O Nbd7 10. Nd4 Rc8 11. Be3 c6 12. dxc6 Bxc6 13. Nxc6 Rxc6 14. f4 Rxc3
1/2-1/2

[Event "Guernsey Open"]
[Site "Guernsey GCI"]
[Date "2007.10.22"]
[Round "2"]
[White "Ryan, Julian"]
[Black "Von Saldern, Ruediger"]
[Result "0-1"]
[WhiteElo "1885"]
[BlackElo "2048"]
[PlyCount "102"]
[EventDate "2006.10.15"]
[SourceDate "2006.10.28"]

1. e4 e5 2. Bc4 Nc6 3. Nc3 Bc5 4. Qg4 g6 5. Qf3 Qf6 6. Nd5 Qxf3 7. Nxf3 Bb6 8.
Nxb6 axb6 9. d3 d6 10. O-O h6 11. c3 Na5 12. Bb5+ c6 13. Ba4 b5 14. Bc2 Be6 15.
Be3 c5 16. Nd2 Ne7 17. f4 Nac6 18. a4 b4 19. fxe5 Nxe5 20. d4 Nc4 21. Nxc4 Bxc4
22. Rfd1 b3 23. Bd3 Bxd3 24. Rxd3 c4 25. Rd2 d5 26. exd5 Nxd5 27. Re2 Kd7 28.
Bd2 Rhe8 29. Rf2 f5 30. Bxh6 Nf6 31. Bf4 Re4 32. h3 Nd5 33. Be5 Ne3 34. Rf4
Rxf4 35. Bxf4 Nc2 36. Rf1 Rxa4 37. Bc1 b5 38. g4 fxg4 39. hxg4 Ra2 40. Kf2 b4
41. cxb4 Nxb4 42. Ke3 Nd3 43. Kd2 Ra1 44. Rd1 Ke6 45. g5 Kd5 46. Rf1 Kxd4 47.
Rf6 Rxc1 48. Rxg6 Rc2+ 49. Kd1 Nxb2+ 50. Ke1 Nd3+ 51. Kf1 b2 0-1

[Event "Guernsey Open"]
[Site "Guernsey GCI"]
[Date "2007.10.22"]
[Round "2"]
[White "Lentjes, Noad"]
[Black "Kirby, Peter J"]
[Result "0-1"]
[WhiteElo "1884"]
[BlackElo "2055"]
[PlyCount "82"]
[EventDate "2006.10.15"]
[SourceDate "2006.10.28"]

1. e4 c5 2. Nf3 Nc6 3. d4 cxd4 4. Nxd4 g6 5. Nc3 Bg7 6. Be3 Nf6 7. Be2 O-O 8.
Qd2 d5 9. Nxc6 bxc6 10. exd5 cxd5 11. Bh6 d4 12. Bxg7 Kxg7 13. Nb5 e5 14. f3
Qb6 15. a4 a6 16. a5 Qb8 17. Na3 Qxb2 18. O-O Nd5 19. Nc4 Qc3 20. Qxc3 Nxc3 21.
Bd3 f6 22. Nb6 Ra7 23. Rae1 Bf5 24. g4 Bxd3 25. cxd3 g5 26. Rf2 Rd8 27. Rb2 Rc7
28. Nc4 Nb5 29. Kg2 h5 30. h3 Rh8 31. Kg3 Kg6 32. Rc1 hxg4 33. fxg4 Rch7 34.
Rh2 Kf7 35. Rf1 Ke6 36. Nd2 Nc3 37. Nf3 Rb7 38. Nd2 Rb2 39. Rhf2 Nd5 40. Rc1
Nf4 41. Rh2 Rxd2 0-1

[Event "Guernsey Open"]
[Site "Guernsey GCI"]
[Date "2007.10.22"]
[Round "2"]
[White "Rodrigues, D."]
[Black "Van der Linde, M."]
[Result "0-1"]
[WhiteElo "1855"]
[BlackElo "2192"]
[PlyCount "66"]
[EventDate "2006.10.15"]
[SourceDate "2006.10.28"]

1. e4 e5 2. Nf3 Nc6 3. Bb5 f5 4. Nc3 fxe4 5. Nxe4 Nf6 6. d3 d5 7. Nxf6+ Qxf6 8.
Bg5 Qf5 9. Qd2 Bd6 10. O-O-O O-O 11. Bxc6 bxc6 12. Rhe1 Bd7 13. Qc3 Rae8 14.
Bh4 Qf4+ 15. Qd2 Qa4 16. Kb1 Rxf3 17. gxf3 Qxh4 18. Qa5 Qxf2 19. Rf1 Qb6 20.
Qc3 Bb4 21. Qb3 Bc5 22. Qxb6 cxb6 23. f4 Bh3 24. Rfe1 e4 25. dxe4 dxe4 26. Kc1
Bf2 27. Re2 e3 28. Rd6 Bg4 29. Kd1 Kf7 30. Rd3 Re7 31. b3 Ke8 32. c4 Rd7 33.
Rxd7 Kxd7 0-1

[Event "Guernsey Open"]
[Site "Guernsey GCI"]
[Date "2007.10.22"]
[Round "2"]
[White "Havenaar, Jan"]
[Black "Glover, John"]
[Result "1/2-1/2"]
[WhiteElo "2196"]
[BlackElo "1945"]
[PlyCount "101"]
[EventDate "2006.10.15"]
[SourceDate "2006.10.28"]

1. Nc3 d5 2. e4 d4 3. Nce2 e5 4. Ng3 g6 5. Bc4 Nf6 6. Nf3 Nfd7 7. O-O Bg7 8. d3
O-O 9. c3 Nb6 10. Bb3 c5 11. cxd4 cxd4 12. Bg5 Qd6 13. Qd2 Be6 14. Bxe6 Qxe6
15. Bh6 f6 16. h4 Nc6 17. h5 Qf7 18. Bxg7 Qxg7 19. b4 a6 20. a4 a5 21. bxa5
Rxa5 22. Qb2 Nxa4 23. Rxa4 Qc7 24. Rc1 Rfa8 25. Rxa5 Rxa5 26. Nd2 Kg7 27. Qb3
Ra7 28. Qe6 Qe7 29. Qxe7+ Nxe7 30. Rc7 Kf7 31. Nc4 Ke6 32. Nb6 Ra3 33. h6 Rxd3
34. Nd5 Rd1+ 35. Kh2 Nxd5 36. exd5+ Kxd5 37. Rxh7 Rc1 38. Rd7+ Ke6 39. Rxb7 Rc8
40. Rb6+ Ke7 41. Ne4 Rh8 42. Rb7+ Ke6 43. h7 f5 44. Rb6+ Kd5 45. Nf6+ Kc4 46.
Rc6+ Kd3 47. Rc8 Rxc8 48. Ng8 Kc2 49. h8=Q d3 50. Qxe5 d2 51. Ne7 1/2-1/2

[Event "Guernsey Open"]
[Site "Guernsey GCI"]
[Date "2007.10.22"]
[Round "2"]
[White "Lohou, Stephane"]
[Black "Van Hoek, Wilhelmus J"]
[Result "1/2-1/2"]
[WhiteElo "2161"]
[BlackElo "1926"]
[PlyCount "71"]
[EventDate "2006.10.15"]
[SourceDate "2006.10.28"]

1. e4 e5 2. f4 Bc5 3. Nf3 d6 4. Bc4 Nf6 5. Nc3 Ng4 6. d4 exd4 7. Na4 Bb6 8.
Nxb6 axb6 9. Qxd4 O-O 10. O-O Nc6 11. Qd1 Qe7 12. Qe2 Na5 13. Bd3 f5 14. e5 Re8
15. h3 Nh6 16. Bd2 Bd7 17. Rae1 Kh8 18. Qf2 Qf8 19. Bc3 Nc6 20. Qh4 Qe7 21. Qg3
Qf8 22. exd6 cxd6 23. Qh4 Nf7 24. Qh5 Ne7 25. Nd4 Nd5 26. Bd2 Nf6 27. Qf3 d5 {
(=)} 28. Nxf5 Ne4 29. Bxe4 dxe4 30. Rxe4 Bxf5 31. Rxe8 Rxe8 32. Qxb7 Qc5+ 33.
Kh2 Nd6 34. Qf3 Nc4 35. Re1 Qc8 36. Bb4 1/2-1/2

[Event "Guernsey Open"]
[Site "Guernsey GCI"]
[Date "2007.10.22"]
[Round "2"]
[White "Walker, Sam"]
[Black "Collier, David O"]
[Result "1/2-1/2"]
[WhiteElo "1945"]
[BlackElo "2131"]
[PlyCount "77"]
[EventDate "2006.10.15"]
[SourceDate "2006.10.28"]

1. c4 Nf6 2. g3 e6 3. Bg2 d5 4. Nf3 c6 5. O-O Bd6 6. b3 O-O 7. Bb2 Nbd7 8. d4
Re8 9. Ne5 dxc4 10. Nxc4 Bf8 11. Qc2 Qc7 12. Nc3 Nb6 13. Rad1 Bd7 14. e4 Nxc4
15. bxc4 Red8 16. Bc1 Be7 17. f4 Rab8 18. f5 e5 19. dxe5 Qxe5 20. Bf4 Qc5+ 21.
Kh1 Rbc8 22. Qe2 Ne8 23. Rd2 Qa5 24. Rd3 Nc7 25. g4 Be8 26. g5 Na6 27. Rh3 g6
28. Qg4 Nc5 29. Be5 Nd3 30. Bf6 Bxf6 31. gxf6 Qxc3 32. Qg5 Rd6 33. fxg6 {(=)}
fxg6 34. f7+ Bxf7 35. Qe7 Nf2+ 36. Rxf2 Rd1+ 37. Bf1 Qxh3 38. Qxf7+ Kh8 39.
Qf6+ 1/2-1/2

[Event "Guernsey Open"]
[Site "Guernsey GCI"]
[Date "2007.10.22"]
[Round "2"]
[White "Cummins, John"]
[Black "Westerkamp, Bert"]
[Result "1/2-1/2"]
[WhiteElo "1935"]
[BlackElo "2093"]
[PlyCount "55"]
[EventDate "2006.10.15"]
[SourceDate "2006.10.28"]

1. e4 e5 2. Nf3 Nc6 3. d4 exd4 4. Nxd4 Nf6 5. Nxc6 bxc6 6. Bd3 d5 7. exd5 cxd5
8. O-O Be7 9. Bg5 O-O 10. Nc3 c6 11. Re1 Re8 12. Rb1 Be6 13. Ne2 Ng4 14. Bxe7
Qxe7 15. h3 Ne5 16. Nf4 Nxd3 17. Qxd3 Qf6 18. Nxe6 fxe6 19. Re3 e5 20. f3 Rab8
21. b3 Qf4 22. Rd1 Re6 23. Ree1 Rg6 24. Qe3 Qg3 25. Re2 Re8 26. f4 e4 27. c4
Qxe3+ 28. Rxe3 1/2-1/2